<?xml version="1.0" encoding="UTF-8"?>
<record
    xmlns:xsi="http://www.w3.org/2001/XMLSchema-instance"
    xsi:schemaLocation="http://www.loc.gov/MARC21/slim http://www.loc.gov/standards/marcxml/schema/MARC21slim.xsd"
    xmlns="http://www.loc.gov/MARC21/slim">

  <leader>01443nam0a2200325   4500</leader>
  <controlfield tag="001">RU\NLR\bibl\1473535</controlfield>
  <controlfield tag="005">20250616002919.0</controlfield>
  <datafield tag="010" ind1=" " ind2=" ">
    <subfield code="a">978-5-350-00193-8</subfield>
    <subfield code="9">1000</subfield>
  </datafield>
  <datafield tag="021" ind1=" " ind2=" ">
    <subfield code="a">RU</subfield>
    <subfield code="b">2009-102356</subfield>
    <subfield code="9">6511</subfield>
  </datafield>
  <datafield tag="035" ind1=" " ind2=" ">
    <subfield code="a">(NLR Aleph) 001465214</subfield>
  </datafield>
  <datafield tag="090" ind1=" " ind2=" ">
    <subfield code="a">1608687</subfield>
    <subfield code="c">1608687</subfield>
  </datafield>
  <datafield tag="100" ind1=" " ind2=" ">
    <subfield code="a">20100215d2009    |||y0rusy50      ca</subfield>
  </datafield>
  <datafield tag="101" ind1="0" ind2=" ">
    <subfield code="a">rus</subfield>
  </datafield>
  <datafield tag="102" ind1=" " ind2=" ">
    <subfield code="a">RU</subfield>
  </datafield>
  <datafield tag="105" ind1=" " ind2=" ">
    <subfield code="a">y   |||||||||</subfield>
  </datafield>
  <datafield tag="200" ind1="1" ind2=" ">
    <subfield code="a">&#x416;&#x438;&#x432;&#x44B;&#x435; &#x434;&#x443;&#x448;&#x438;</subfield>
    <subfield code="e">[&#x440;&#x430;&#x441;&#x441;&#x43A;&#x430;&#x437;&#x44B;]</subfield>
    <subfield code="f">&#x415;&#x43B;&#x435;&#x43D;&#x430; &#x420;&#x43E;&#x434;&#x447;&#x435;&#x43D;&#x43A;&#x43E;&#x432;&#x430;</subfield>
  </datafield>
  <datafield tag="210" ind1=" " ind2=" ">
    <subfield code="a">&#x412;&#x435;&#x43B;&#x438;&#x43A;&#x438;&#x435; &#x41B;&#x443;&#x43A;&#x438;</subfield>
    <subfield code="c">[&#x431;. &#x438;.]</subfield>
    <subfield code="d">2009</subfield>
  </datafield>
  <datafield tag="215" ind1=" " ind2=" ">
    <subfield code="a">198, [2] &#x441;.</subfield>
    <subfield code="d">20</subfield>
  </datafield>
  <datafield tag="300" ind1=" " ind2=" ">
    <subfield code="a">&#x41D;&#x430; 4-&#x439; &#x441;. &#x43E;&#x431;&#x43B;. &#x430;&#x432;&#x442;.: &#x420;&#x43E;&#x434;&#x447;&#x435;&#x43D;&#x43A;&#x43E;&#x432;&#x430; &#x415;.&#x410;., &#x43B;&#x430;&#x443;&#x440;&#x435;&#x430;&#x442; &#x412;&#x441;&#x435;&#x440;&#x43E;&#x441;. &#x43B;&#x438;&#x442;. &#x43F;&#x440;&#x435;&#x43C;&#x438;&#x439; &#x438;&#x43C;. &#x412;. &#x411;&#x435;&#x43B;&#x43E;&#x432;&#x430;, &#x438;&#x43C;. &#x42D;. &#x412;&#x43E;&#x43B;&#x43E;&#x434;&#x438;&#x43D;&#x430;</subfield>
  </datafield>
  <datafield tag="327" ind1="0" ind2=" ">
    <subfield code="a">&#x421;&#x43E;&#x434;&#x435;&#x440;&#x436;.: &#x440;&#x430;&#x441;&#x441;&#x43A;&#x430;&#x437;&#x44B;: &#x41A;&#x43E;&#x433;&#x434;&#x430; &#x432;&#x44B;&#x440;&#x430;&#x441;&#x442;&#x435;&#x442; &#x43D;&#x430; &#x43A;&#x430;&#x43C;&#x443;&#x448;&#x43A;&#x435; &#x446;&#x432;&#x435;&#x442;&#x43E;&#x447;&#x435;&#x43A; &#x433;&#x43E;&#x43B;&#x443;&#x431;&#x43E;&#x439;; &#x41F;&#x43E;&#x441;&#x43B;&#x435;&#x434;&#x43D;&#x438;&#x439; &#x43F;&#x430;&#x440;&#x430;&#x434;; &#x41A;&#x430;&#x437;&#x435;&#x43D;&#x43D;&#x44B;&#x439; &#x434;&#x43E;&#x43C;; &#x427;&#x442;&#x43E;&#x431; &#x43A;&#x440;&#x430;&#x441;&#x438;&#x432;&#x43E;; &#x41A;&#x430;&#x43B;&#x438;&#x43D;&#x430;-&#x43C;&#x430;&#x43B;&#x438;&#x43D;&#x430;; &#x414;&#x432;&#x430; &#x431;&#x430;&#x440;&#x430;&#x43D;&#x430; &#x438; &#x442;&#x435;&#x449;&#x430; &#x432; &#x43C;&#x435;&#x445;&#x430;&#x445;; &#x41F;&#x440;&#x438;&#x435;&#x43C;&#x43D;&#x44B;&#x435; &#x447;&#x430;&#x441;&#x44B;; &#x41E;&#x432;&#x440;&#x430;&#x433;&#x438;; &#x414;&#x43E;&#x43C; &#x434;&#x43B;&#x44F; &#x411;&#x430;&#x431;&#x44B; &#x42F;&#x433;&#x438;; &#x41B;&#x430;&#x441;&#x442;&#x43E;&#x447;&#x43A;&#x438; [&#x438; &#x434;&#x440;.]</subfield>
  </datafield>
  <datafield tag="686" ind1=" " ind2=" ">
    <subfield code="a">&#x428;6(2=&#x420;)8-440.5</subfield>
  </datafield>
  <datafield tag="700" ind1=" " ind2="1">
    <subfield code="a">&#x420;&#x43E;&#x434;&#x447;&#x435;&#x43D;&#x43A;&#x43E;&#x432;&#x430;</subfield>
    <subfield code="b">&#x415;. &#x410;.</subfield>
    <subfield code="g">&#x415;&#x43B;&#x435;&#x43D;&#x430; &#x410;&#x43B;&#x435;&#x43A;&#x441;&#x435;&#x435;&#x432;&#x43D;&#x430;</subfield>
    <subfield code="4">070</subfield>
  </datafield>
  <datafield tag="801" ind1=" " ind2="0">
    <subfield code="a">RU</subfield>
    <subfield code="b">NLR</subfield>
    <subfield code="c">20100215</subfield>
    <subfield code="g">RCR</subfield>
  </datafield>
  <datafield tag="801" ind1=" " ind2="1">
    <subfield code="a">RU</subfield>
    <subfield code="b">NLR</subfield>
    <subfield code="c">20100215</subfield>
  </datafield>
  <datafield tag="830" ind1=" " ind2=" ">
    <subfield code="a">&#x430;&#x432;&#x442;. &#x43F;&#x43E; &#x43A;&#x43D;.</subfield>
  </datafield>
  <datafield tag="942" ind1=" " ind2=" ">
    <subfield code="c">BOOK</subfield>
  </datafield>
  <datafield tag="980" ind1=" " ind2=" ">
    <subfield code="a">NB</subfield>
  </datafield>
  <datafield tag="980" ind1=" " ind2=" ">
    <subfield code="a">NBR</subfield>
  </datafield>
  <datafield tag="995" ind1=" " ind2=" ">
    <subfield code="5">2010-02-15</subfield>
    <subfield code="a">ad</subfield>
    <subfield code="b">NLR01</subfield>
    <subfield code="c">NLR01</subfield>
    <subfield code="e">RF8</subfield>
    <subfield code="f">3103067</subfield>
    <subfield code="k">2010-3/4281</subfield>
    <subfield code="o">0</subfield>
    <subfield code="r">BOOK</subfield>
    <subfield code="s">201034281_</subfield>
  </datafield>
  <datafield tag="995" ind1=" " ind2=" ">
    <subfield code="5">2010-02-15</subfield>
    <subfield code="a">ad</subfield>
    <subfield code="b">NLR01</subfield>
    <subfield code="c">NLR01</subfield>
    <subfield code="e">RF8</subfield>
    <subfield code="f">3103068</subfield>
    <subfield code="k">2010-3/4281</subfield>
    <subfield code="o">0</subfield>
    <subfield code="r">BOOK</subfield>
    <subfield code="s">201034281_</subfield>
  </datafield>
</record>
